Atlas de la France au XIXe siècle (notice n° 2176079)
[ vue normale ]
| 000 -LEADER | |
|---|---|
| fixed length control field | 01455cam a2200157 4500500 |
| 005 - DATE AND TIME OF LATEST TRANSACTION | |
| control field | 20260405051209.0 |
| 041 ## - LANGUAGE CODE | |
| Language code of text/sound track or separate title | fre |
| 042 ## - AUTHENTICATION CODE | |
| Authentication code | dc |
| 100 10 - MAIN ENTRY--PERSONAL NAME | |
| Personal name | Dusserre, Aurélia |
| Relator term | author |
| 245 00 - TITLE STATEMENT | |
| Title | Atlas de la France au XIXe siècle |
| 260 ## - PUBLICATION, DISTRIBUTION, ETC. | |
| Name of publisher, distributor, etc. | Autrement,<br/> |
| Date of publication, distribution, etc. | 2021.<br/> |
| 520 ## - SUMMARY, ETC. | |
| Summary, etc. | 1815-1914 : révolution industrielle, affaire Dreyfus, urbanisme haussmannien, impressionnisme ou Art nouveau, Belle Époque… ces mots évoquent immédiatement le XIXe siècle. Après le choc qu’a été la Révolution française, c’est l’éclosion d’une nouvelle ère, qui oscille entre nostalgie du passé et projection vers l’avenir. • 1815-1851 : au lendemain du Premier Empire commence un combat pour les libertés. La société est fragilisée et divisée, mais les débuts de la modernisation apportent un début de croissance. • 1852-1879 : c’est le temps de la spectaculaire modernisation économique et sociale. • 1880-1914 : la Troisième République ouvre soixante ans de stabilité institutionnelle, malgré de nombreuses oppositions et tensions sociales. Les 80 cartes et infographies originales de cet atlas rendent ainsi compte des évolutions politiques, économiques et sociales de ce XIXe siècle français. |
| 700 10 - ADDED ENTRY--PERSONAL NAME | |
| Personal name | Houte, Arnaud-Dominique |
| Relator term | author |
| 700 10 - ADDED ENTRY--PERSONAL NAME | |
| Personal name | Balavoine, de Guillaume |
| Relator term | author |
| 856 41 - ELECTRONIC LOCATION AND ACCESS | |
| Uniform Resource Identifier | <a href="https://shs.cairn.info/atlas-de-la-france-au-xixe-siecle--9782746753426?lang=fr&redirect-ssocas=7080">https://shs.cairn.info/atlas-de-la-france-au-xixe-siecle--9782746753426?lang=fr&redirect-ssocas=7080</a> |
Pas d'exemplaire disponible.




Réseaux sociaux